Science Quiz

Random Science Quiz

Particles in the Standard Model Quiz Stats

 Plays Quiz not verified by Sporcle

Score 0/17 Timer 03:00
0 Plays Today
Type % Correct
quarktop
100%
quarkbottom
100%
quarkup
92.9%
quarkdown
92.9%
quarkcharm
92.9%
quarkstrange
92.9%
leptonelectron
92.9%
leptonmuon
92.9%
leptontau
92.9%
Type % Correct
lepton (neutrino)electron neutrino
85.7%
bosongluon
85.7%
lepton (neutrino)muon neutrino
78.6%
lepton (neutrino)tau neutrino
78.6%
bosonphoton
78.6%
bosonw
78.6%
boson (hypothetical)Higg's
78.6%
bosonz
64.3%

You're not logged in!

Compare scores with friends on all Sporcle quizzes.
OR
Log In

Show Comments

Extras

Top Quizzes Today


Score Distribution

Your Account Isn't Verified!

In order to create a playlist on Sporcle, you need to verify the email address you used during registration. Go to your Sporcle Settings to finish the process.

Report this User

Report this user for behavior that violates our Community Guidelines.

Details: